Statistiche per Canzoni dei Pinguini Tattici Nucleari

Clicka qui per fare il quiz!

Statistiche generali

  • Questo quiz è stato fatto 1.263 volte
  • Il punteggio medio è 11 su 16

Statistiche sulle risposte

HintRisposta% Corretto
Ed un po' mi fa ______
Se penso che ora c'è lì un altro che ti uccide i ragni al posto mio
Ma ci dovrò convivere
Maledetto cuore che ti sciogli ogni volta che dico addio
Ridere
85%
E se m'hai visto piangere
Sappi che era un'illusione ottica
Stavo solo togliendo il mare dai miei occhi
Pastello Bianco
84%
A volte penso che a quelli come me
Il mondo non abbia mai voluto bene
Il cerchio della vita impone
Che per un re leone vivano almeno tre iene
Ringo Starr
78%
________ _____ stanotte non dormi
Tu chiamali sogni, ma sono ricordi
________ _____ è colpa del vino
Se basta uno sguardo e ritorni bambino
________ _____ ci vuole coraggio
Nel '94 ad essere Baggio
Scrivile Scemo
78%
Vive dentro due Vans, nella maglia dei Guns
Vuole fare l'attrice, ma mamma no
Scaccia tutte le avances, primo anno di DAMS
Passa ore a copiare Marilyn Monroe
Scooby Doo
77%
______ non ridere, ti prego, non creiamo casini
La tua felicità sveglia i coinquilini
Poi ci lasciano i biglietti attaccati sul letto
Perché di notte si dorme e si porta rispetto
Giulia
76%
Ad 11 anni quando eri piccola
Aspettavi una lettera da Hogwarts
Per dimostrare a tutti i tuoi compagni
Che eri tu quella diversa da loro
Antartide
74%
E ieri ho fatto un sogno (__, __, __)
E c'eri dentro anche te
Leggevi Piccoli Brividi (__, __, __)
E bevevi un caffè con me
Nonono
73%
Ti ho scritto una lettera che sa cantare
Per tutti i giorni in cui vorrai dormire
Quattrocento colpi dentro al cuore
E corse sul mare come due pistole
Ma ora non corro più, non corro più
La storia infinita
71%
_____, questa sera la faccia te la strapperei via
Così faresti paura al mondo ma resteresti sempre mia
In questa notte di buio pesto, che forse era buio pomodoro
Le mie mani Brigate Rosse accarezzano te che sei Aldo Moro
Irene
68%
Tu eri per me
Il pezzo del ______ longilineo
Quello che lo aspetti una vita
Ma finalmente quando arriva, ti risolve tutto
Tetris
66%
Ma chi l'avrebbe mai detto
Che mi sarei trovato qua
Prima di andare a letto
In questa stupida grandissima città
Verdura
65%
Amore mio, da dove vengo io
Un bacio ed un addio, sono la stessa cosa
Vieni con me, ti porterò dove
La solitudine è un regalo più bello di una rosa
Lake Washington Boulevard
56%
Ti prego, non usciamo questa sera
Restiamo qui ad accarezzare il gatto
M'hai detto: "Guarda, c'è la luna piena"
Poi abbiamo litigato, hai rotto un piatto
La banalità del mare
53%
La pioggia scende sopra i rider di Deliveroo
Torno da te seguendo il profumo di ragù
Milano è un gran bell'ideale da inseguire
Un sogno che fa solo chi non riesce mai a dormire
Bohémien
51%
Ieri ho pensato che
Vorrei andare in montagna
Per dimenticarmi di te
Un po' di freddo certo male non fa
Ahia!
43%

Distribuzione punteggi

Percentile per numero di risposta

Percentuale di utenti per punteggio

I tuoi punteggi nel tempo

Non hai fatto questo quiz